000 00506nam a22001817a 4500
005 20230529062255.0
008 221203b |||||||| |||| 00| 0 eng d
020 _a978-981-48-3969-3
082 _a515 L334 2019
100 _aLarson, Ron
_eauthor
245 _aCalculus /
_cRon Larson, and Bruce H. Edwards
250 _a11th ed.
260 _aSingapore:
_bCengage Learning Asia,
_cc2019.
300 _axiii, [1048]p.;
_bill.
541 _e6553
650 _aCalculus
700 _aEdwards, Bruce H.
_eauthor
999 _c304
_d304